La dominicanidad indignada en los cuentos de Juan Bosch / (Registro nro. 12625)

Detalles MARC
000 -LEADER
fixed length control field 01066nam a2200277 a 4500
001 - CONTROL NUMBER
control field 000003168
003 - CONTROL NUMBER IDENTIFIER
control field DO-SdBNP
005 - DATE AND TIME OF LATEST TRANSACTION
control field 20240424114102.0
008 - FIXED-LENGTH DATA ELEMENTS--GENERAL INFORMATION
fixed length control field 090707s2009 dr 001 0 spa d
020 ## - INTERNATIONAL STANDARD BOOK NUMBER
International Standard Book Number 9789945862539
040 ## - CATALOGING SOURCE
Original cataloging agency BPMSU
Language of cataloging spa
Transcribing agency BPMSU
082 #4 - DEWEY DECIMAL CLASSIFICATION NUMBER
Classification number RD864.44
Item number M433d 2009
Edition number 22
100 1# - MAIN ENTRY--PERSONAL NAME
Personal name Matos Moquete, Manuel
245 13 - TITLE STATEMENT
Title La dominicanidad indignada en los cuentos de Juan Bosch /
Statement of responsibility, etc. Manuel Matos Moquete ; edición Lizet Rodríguez Hernández.
260 ## - PUBLICATION, DISTRIBUTION, ETC. (IMPRINT)
Place of publication, distribution, etc. Santo Domingo :
Name of publisher, distributor, etc. Publicaciones Matos Moquete,
Date of publication, distribution, etc. 2009.
300 ## - PHYSICAL DESCRIPTION
Extent 166 p. ;
Dimensions 23 cm.
500 ## - GENERAL NOTE
General note Incluye datos biográficos del autor en la solapa de la cubierta
504 ## - BIBLIOGRAPHY, ETC. NOTE
Bibliography, etc Incluye referencias bibliográficas y notas al pie de las páginas
586 ## - AWARDS NOTE
Awards note Premio Nacional de Novela 1984
600 14 - SUBJECT ADDED ENTRY--PERSONAL NAME
Personal name Bosch, Juan
Dates associated with a name 1909-2001
General subdivision Crítica e interpretación
650 #4 - SUBJECT ADDED ENTRY--TOPICAL TERM
Topical term or geographic name as entry element Ensayos dominicanos
General subdivision
650 #4 - SUBJECT ADDED ENTRY--TOPICAL TERM
Topical term or geographic name as entry element Cuentos diminicanos
General subdivision Critica e interpretación
700 1# - ADDED ENTRY--PERSONAL NAME
Personal name Rodríguez Hernández, Lizet,
Relator term editor
910 ## - USER-OPTION DATA (OCLC)
User-option data VMateo V. Control de calidad BPMSU
942 ## - ADDED ENTRY ELEMENTS (KOHA)
Source of classification or shelving scheme Dewey Decimal Classification
Koha item type Libros
Existencias
Withdrawn status Lost status Source of classification or shelving scheme Damaged status Not for loan Collection code Home library Current library Date acquired Total Checkouts Full call number Barcode Date last seen Price effective from Koha item type
    Dewey Decimal Classification     Colección Dominicana Biblioteca Pública Metropolitana Salomé Ureña Biblioteca Pública Metropolitana Salomé Ureña 10/19/2017   BPMSU CD RD863.44 M433d 2009 BPMSU17100063 10/19/2017 10/19/2017 Libros